| 000 | 01699cab a22001935a 4500 | ||
|---|---|---|---|
| 001 | L139848 | ||
| 008 | 070815e20070704xxk f v 000 0 eng d | ||
| 035 | _a(Sirsi) u139848 | ||
| 041 | 0 | _aeng | |
| 245 | 0 | 0 |
_aDGT Steel and Cladding Ltd v Cubitt Building and Interiors Ltd _h[electronic resource] |
| 260 | _c2007 | ||
| 520 | _a[2007] EWHC 1584 (TCC), 4 July 2007. Considered whether a temporary stay of court proceedings should be granted pending adjudication of the underlying dispute. Defendant contractor (C) engaged claimant (D) as subcontractor to carry out external cladding works at a project in east London. The subcontract contained an adjudication provision. Disputes arose and D referred a claim to adjudication, based upon the alleged failure by C to operate the contractual mechanism for payment. C defended the claim, and the adjudicator found in C's favour. D commenced proceedings, and C applied to stop the litigation, arguing that the underlying dispute should first be the subject of adjudication. "Held": judgment for C and order made to stay the proceedings. It was found that the subcontract contained a binding adjudication agreement and therefore D was not entitled to commence court proceedings in breach of that provision. | ||
| 590 | _aKA | ||
| 650 | 2 | 4 | _aDGT STEEL AND CLADDING LTD V CUBITT BUILDING AND INTERIORS LTD |
| 651 | 4 |
_aEngland and Wales _y1543- |
|
| 690 | _aMANAGEMENT-DISPUTE AVOIDANCE, MANAGEMENT AND RESOLUTION-DISPUTE MANAGEMENT AND RESOLUTION-ALTERNATIVE DISPUTE RESOLUTION-ADJUDICATION | ||
| 856 | 4 | 0 |
_uhttps://www.bailii.org/cgi-bin/markup.cgi?doc=/ew/cases/EWHC/TCC/2007/1584.html _zView the judgment free of charge at www.bailii.org... |
| 942 | _n0 | ||
| 999 |
_c79107 _d79107 |
||